000 00680nam a2200229 a 4500
001 BRCA_7869
005 20190320210030.0
008 191113s1963----sp-a######---#000-0#spa-#
041 _aspa
044 _asp
050 4 _aNB806
_b.G66 1963
100 1 _aGómez Moreno, María Elena
_917897
245 1 0 _aEscultura del siglo XVII
_cpor María Elena Gómez Moreno.
260 _aMadrid
_bPlus Ultra
_cc1963
300 _a361 p.
_bil. a color, 8 láminas
_c26 cm.
440 0 _aArs Hispaniae
_phistoria universal del arte hispánico
_v16
_919471
500 _aY124
650 1 4 _aEscultura
_zEspaña
_99315
650 1 4 _aEscultura
_xHistoria
_93347
902 _aGFM
942 _2lcc
_cB
999 _c7543
_d7543